000 00426nam a2200169Ia 4500
008 230711s9999||||xx |||||||||||||| ||und||
020 _a978-0-486-49876-8
041 _aENG
082 _a515.35
_bSN-P
100 _aSneddon,Ian N
245 0 _aElements of partial differential equations
250 _a1st Ed.
260 _c2001
_aNew York
_bDover Publications,Inc
300 _a327p.
650 _aMathematics
942 _cBK
999 _c6215
_d6215